000 00608nam a22001937a 4500
005 20180426105941.0
010 _aENG-122671
020 _a9789386582423
_c299.00
035 _aEN-106203
037 _bDBAD/PUB
082 _a614.5885
100 _aRatna, Kalpish
245 _aThe secret life of zika virus /
_cby Kalpish Ratna
260 _aNew Delhi
_bSpeaking Tiger Publications
_c2017
270 _a4381/4, Ansari Road, Daryaganj,
_bNew Delhi
_e110002
300 _a271p.
_c21cm(pbk)
500 _aIt include references, bibliography and index
942 _2ddc
_cEN
_mRAT
_h614.5885
999 _c151763
_d151763